LEADER 00991nam0-22003371i-450 001 990001222700403321 005 20171108101705.0 035 $a000122270 035 $aFED01000122270 035 $a(Aleph)000122270FED01 035 $a000122270 100 $a20000920d1959----km-y0itay50------ba 101 1 $aeng$crus 200 1 $aComputational methods of linear algebra$fV. N. Faddeeva$gauthorized translation from the russian by Curtis D. Benster 210 $aNew York$cDover$d1959 215 $aX, 252 p.$d21 cm 225 1 $aDover Books on Intermediate and Advanced Mathematics 610 0 $aAlgebra lineare 676 $a512.5 700 1$aFaddeeva,$bV. N.$0104569 801 0$aIT$bUNINA$gRICA$2UNIMARC 901 $aBK 912 $a990001222700403321 952 $a8-L-1$b11922$fMA1 952 $aLL 113$b16/L$fDINED 959 $aMA1 959 $aDINED 962 $a65FXX 996 $aComputational methods of linear algebra$9343329 997 $aUNINA DB $aING01